000 01980nam a2200349 i 4500
003 EG-ScBUE
005 20240213151031.0
008 180102s2014 ua f be 000 0 ara d
017 _a2013 / 24520
017 _a2013 / 19178
020 _a9789777186049
020 _a9789777185196
040 _aEG-ScBUE
_bara
_erda
_cEG-ScBUE
_dEG-ScBUE
043 _af-ua---
082 0 4 _a916.203
_bم ش ع
_222
100 1 _aمشعل، جمال،
_eمؤلف.
245 1 0 _aموسوعة البلدان المصرية /
_cجمال مشعل.
250 _aالطبعة الأولى.
264 1 _aالقاهرة :
_bالمجلس الأعلى للثقافة،
_c2014.
300 _a8 مجلدات ؛
_c24 سم.
336 _2rdacontent
_aنص
_btxt
337 _aبدون وسيط
_2rdamedia
_bn
338 _aمجلد
_bnc
_2rdacarrier
490 0 _aسلسلة إبداعات التفرغ ؛
_v<78-74، 80-81>
504 _aيشتمل على إرجاعات ببليوجرافية.
505 0 _aالمجلد الثاني. محافظات الوجه البحري : الدقهلية - دمياط -- المجلد الثالث. محافظات الوجه البحري : الشرقية - القليوبية -- المجلد الرابع. محافظات الوجه البحري : المنوفية - الغربية -- المجلد الخامس. محافظات الوجه البحري : كفر الشيخ - البحيرة -- المجلد السادس. محافظات : الجيزة - حلوان - 6 أكتوبر - الفيوم -- المجلد السابع. محافظات : بني سويف - المنيا -- المجلد الثامن. محافظات الوجه القبلي : أسيوط - سوهاج -- المجلد التاسع. محافظات الوجه القبلي : قنا - الأقصر - أسوان.
650 7 _aمصر
_vوصف ورحلات
_zدوائر معارف.
_2BUEsh
651 _2BUEsh
653 _bGGEN
_cJanuary2018
_cFebruary2018
655 _vReading book
942 _2ddc
999 _c25844
_d25816